000 00314 a2200109 4500
001 ART_43073
005 20260410161629.0
008 260409a
245 1 0 _aMétodos de conversión de estados contables
100 1 _aTorres, Carlos Federico
773 0 _tEnfoques
_g- Nº 7 (jul. 2017)
_wREV416
999 _c12280
_d12280